000
00267nam a22001217a 4500
999
_c
155198
_d
155198
082
_a
_b
100
_a
Indu Dave
245
_a
The basic essentials of counselling/
_c
by Indu Dave.
260
_a
_b
Sterling,
_c
1991.
300
_a
197p.
650
_a
942
_c
BK